[Event "Helsingor Xtracon op"]
[Site "Helsingor"]
[Date "2017.07.29"]
[Round "9"]
[White "Kramer, Julian"]
[Black "Kemarsky, Alexander"]
[Result "1-0"]
[WhiteElo "2333"]
[BlackElo "2150"]
[PlyCount "47"]
[EventDate "2017.07.22"]
[EventType "swiss"]
[EventRounds "10"]
[EventCountry "DEN"]
[SourceTitle "CBM 179 Extra"]
[Source "ChessBase"]
[SourceDate "2017.08.23"]
[SourceVersion "1"]
[SourceVersionDate "2017.08.23"]
[SourceQuality "1"]

1. e4 c5 2. Nf3 d6 3. d4 cxd4 4. Nxd4 Nf6 5. Nc3 g6 6. Be3 Bg7 7. f3 0-0 8. Qd2 Nc6 9. 0-0-0 Bd7 10. h4 Rb8 11. g4 b5 12. h5 b4 13. Nd5 Nxd5 14. exd5 Nxd4 15. Bxd4 Bxd4 16. Qxd4 Qa5 17. Bd3 b3 18. hxg6 fxg6 19. Rxh7 Kxh7 20. Rh1+ Kg8 21. Qh8+ Kf7 22. Bxg6+ Kxg6 23. Qh7+ Kf6 24. g5+ 1-0

[Event "Helsingor Xtracon op"]
[Site "Helsingor"]
[Date "2017.07.28"]
[Round "8"]
[White "Kemarsky, Alexander"]
[Black "Haubro, Martin"]
[Result "1-0"]
[WhiteElo "2150"]
[BlackElo "2365"]
[PlyCount "79"]
[EventDate "2017.07.22"]
[EventType "swiss"]
[EventRounds "10"]
[EventCountry "DEN"]
[SourceTitle "CBM 179 Extra"]
[Source "ChessBase"]
[SourceDate "2017.08.23"]
[SourceVersion "1"]
[SourceVersionDate "2017.08.23"]
[SourceQuality "1"]

1. e4 e5 2. Nf3 Nc6 3. Bb5 a6 4. Bxc6 dxc6 5. 0-0 Bg4 6. h3 Bh5 7. d3 f6 8. Be3 Bd6 9. Nbd2 c5 10. c3 Ne7 11. a4 Nc6 12. a5 0-0 13. Qb3+ Bf7 14. Nc4 Rb8 15. Qa3 Bh5 16. g4 Bf7 17. Rfd1 Qe7 18. Nfd2 Nd8 19. Nxd6 cxd6 20. d4 exd4 21. cxd4 cxd4 22. Bf4 Nc6 23. Bxd6 Qe6 24. Qc5 h5 25. Bxb8 Rxb8 26. Qf5 Qe8 27. Ra3 hxg4 28. hxg4 Ne5 29. Rg3 Qc6 30. Nf3 Qc2 31. Rxd4 Nd3 32. Nh4 Nxb2 33. g5 Qc1+ 34. Kh2 fxg5 35. Qxg5 Qxg5 36. Rxg5 b5 37. Nf5 Nc4 38. Rd7 Ne5 39. Nh6+ Kf8 40. Rxe5 1-0

[Event "Helsingor Xtracon op"]
[Site "Helsingor"]
[Date "2017.07.23"]
[Round "2"]
[White "Kemarsky, Alexander"]
[Black "Short, Nigel D"]
[Result "0-1"]
[WhiteElo "2150"]
[BlackElo "2688"]
[PlyCount "124"]
[EventDate "2017.07.22"]
[EventType "swiss"]
[EventRounds "10"]
[EventCountry "DEN"]
[SourceTitle "CBM 179 Extra"]
[Source "ChessBase"]
[SourceDate "2017.08.23"]
[SourceVersion "1"]
[SourceVersionDate "2017.08.23"]
[SourceQuality "1"]

1. e4 c6 2. d4 d5 3. exd5 cxd5 4. c4 e6 5. Nf3 Nf6 6. Nc3 Bb4 7. a3 Bxc3+ 8. bxc3 0-0 9. c5 b6 10. cxb6 axb6 11. Bd3 Qc7 12. Qc2 Ba6 13. 0-0 Rc8 14. Bd2 Nbd7 15. Rfb1 Bxd3 16. Qxd3 Ne4 17. Rb3 Qc4 18. Qxc4 Rxc4 19. Be1 f6 20. Kf1 Kf7 21. Ke2 g5 22. Kd1 g4 23. Ng1 Rca4 24. f3 gxf3 25. Nxf3 h5 26. Kc2 e5 27. Bd2 Nd6 28. Rf1 Ke7 29. Bc1 Nc4 30. dxe5 fxe5 31. Nh4 Nxa3+ 32. Bxa3+ Rxa3 33. Rf5 Ra2+ 34. Rb2 R2a4 35. Rxh5 Re4 36. Rh6 Ra5 37. Nf5+ Kd8 38. h4 Kc7 39. Rg6 Re2+ 40. Kb1 Re1+ 41. Kc2 Re2+ 42. Kb1 Re1+ 43. Kc2 Raa1 44. Ng3 Rac1+ 45. Kd2 e4 46. Ne2 Rcd1+ 47. Ke3 Ne5 48. Rg7+ Kd6 49. Rxb6+ Kc5 50. Rbb7 Rf1 51. Rbc7+ Kd6 52. Ng3 Rde1+ 53. Kd2 e3+ 54. Kc2 Rc1+ 55. Kb3 Rb1+ 56. Ka2 Ra1+ 57. Kb3 Rf2 58. c4 dxc4+ 59. Kc3 Ra3+ 60. Kd4 Rf4+ 61. Ne4+ Rxe4+ 62. Kxe4 e2 0-1

[Event "Budapest FS07 IM"]
[Site "Budapest"]
[Date "2015.07.14"]
[Round "11"]
[White "Kemarsky, Alexander"]
[Black "Hujbert, Florian"]
[Result "0-1"]
[WhiteElo "2211"]
[BlackElo "2439"]
[PlyCount "120"]
[EventDate "2015.07.04"]
[EventType "tourn"]
[EventRounds "11"]
[EventCountry "HUN"]
[EventCategory "1"]
[SourceTitle "CBM 167 Extra"]
[Source "ChessBase"]
[SourceDate "2015.09.14"]
[SourceVersion "1"]
[SourceVersionDate "2015.09.14"]
[SourceQuality "1"]

1. d4 Nf6 2. Nf3 g6 3. c4 Bg7 4. Nc3 c5 5. e3 0-0 6. Bd3 cxd4 7. exd4 d5 8. 0-0 Nc6 9. h3 Nb4 10. c5 Nxd3 11. Qxd3 b6 12. c6 Bf5 13. Qa6 Qc8 14. Qb5 Qc7 15. Ne5 Rfd8 16. g4 a6 17. Qe2 Be6 18. Bf4 Qa7 19. a4 Ne8 20. Rfc1 Rdc8 21. b4 Bxe5 22. Qxe5 Rxc6 23. Nxd5 Rd6 24. Nc3 Rad8 25. Be3 Bd5 26. b5 a5 27. Nxd5 Rxd5 28. Qf4 R5d6 29. Rc4 Nf6 30. Qf3 Nd5 31. Rac1 Qd7 32. Rc6 Kg7 33. Qe4 f6 34. Kh2 Kf7 35. g5 Qe6 36. Qh4 h5 37. gxf6 exf6 38. Qg3 g5 39. Qf3 Kg6 40. Qg3 h4 41. Qf3 Rxc6 42. Rxc6 Rd6 43. Rc1 Qf5 44. Qe2 Nf4 45. Qf3 Qd5 46. Qg4 f5 47. Qg1 Qf3 48. Qf1 g4 49. hxg4 fxg4 50. Bxf4 Qxf4+ 51. Kg1 Qxd4 52. Rc4 Qd1 53. Rc6 Qxf1+ 54. Kxf1 Rf6 55. Kg2 Kg5 56. Kg1 h3 57. Rc8 Rd6 58. Rc6 Rd1+ 59. Kh2 Rf1 60. Rc2 Kh4 0-1